| 000 | 00412nam a2200121Ia 4500 | ||
|---|---|---|---|
| 008 | 210430s9999 xx 000 0 und d | ||
| 082 | _a623.044 P9621 P | ||
| 100 | _aThe Japan Atomic Power Company | ||
| 245 |
_aProceedings of International Conference on Nuclear Technology,INC09 _cThe Japan Atomic Power Company |
||
| 260 |
_aMalaysia _bThe Japan Atomic Power Company _c2009 |
||
| 300 | _aN.P | ||
| 942 |
_cBK _2ddc |
||
| 999 |
_c563838 _d563838 |
||